| 000 | 00658nam a2200205Ia 4500 | ||
|---|---|---|---|
| 005 | 20260601193220.0 | ||
| 008 | 260601s9999||||xx |||||||||||||| ||und|| | ||
| 020 |
_a978-3-031-44230-8 _qebk |
||
| 100 | _aPedro Mejia Alvarez | ||
| 245 | 0 | _aReal-Time Database Systems | |
| 250 | _a1st ed. 2024 | ||
| 260 |
_aHeidelberg, Germany _bSpringer Nature _c2024 |
||
| 440 | _aSpringerBriefs in Computer Science | ||
| 650 | _aComputer Science | ||
| 700 | _aRaul E. Gonzalez Torres | ||
| 700 | _aRicardo J. Zavaleta Vazquez | ||
| 700 | _aSusana Ortega Cisneros | ||
| 856 | _uhttps://link.springer.com/openurl?genre=book&isbn=978-3-031-44230-8 | ||
| 942 |
_cEB _2ddc |
||
| 999 |
_c55782 _d55782 |
||